[Event "Krasnodar Region-ch"]
[Site "Krasnodar"]
[Date "2010.10.19"]
[Round "4"]
[White "Savchenko, Andrey"]
[Black "Litvishko, M."]
[Result "0-1"]
[WhiteElo "1910"]
[BlackElo "2189"]
[PlyCount "64"]
[EventDate "2010.10.16"]
[EventType "swiss"]
[EventRounds "9"]
[EventCountry "RUS"]
[SourceTitle "EXT 2022"]
[Source "ChessBase"]
[SourceDate "2021.10.06"]
[SourceVersion "1"]
[SourceVersionDate "2021.10.06"]
[SourceQuality "1"]

1. e4 c5 2. Nf3 Nc6 3. d4 cxd4 4. Nxd4 Nf6 5. Nc3 d6 6. Be2 Bd7 7. Be3 Rc8 8. Nxc6 bxc6 9. 0-0 Qc7 10. f4 e6 11. Qe1 Be7 12. Qg3 0-0 13. e5 Ne8 14. Ne4 c5 15. exd6 Nxd6 16. Nxd6 Bxd6 17. Rad1 Be7 18. Bc4 Bf6 19. c3 Bc6 20. Qf2 Bb7 21. Rd2 g6 22. Rfd1 Rfd8 23. Rxd8+ Bxd8 24. Bxc5 Bh4 25. Qxh4 Qxc5+ 26. Rd4 Kg7 27. Qf2 Qf5 28. Bd3 Qf6 29. Rb4 Rd8 30. Bf1 Bc6 31. Qxa7 Rd1 32. Qf2 Ra1 0-1

[Event "Krasnodar Region-ch"]
[Site "Krasnodar"]
[Date "2010.10.18"]
[Round "3"]
[White "Litvishko, M."]
[Black "Ganizhev, Maxim"]
[Result "1/2-1/2"]
[WhiteElo "2189"]
[BlackElo "1961"]
[PlyCount "109"]
[EventDate "2010.10.16"]
[EventType "swiss"]
[EventRounds "9"]
[EventCountry "RUS"]
[SourceTitle "EXT 2022"]
[Source "ChessBase"]
[SourceDate "2021.10.06"]
[SourceVersion "1"]
[SourceVersionDate "2021.10.06"]
[SourceQuality "1"]

1. g3 d5 2. Nf3 c5 3. c4 Nf6 4. b4 cxb4 5. a3 dxc4 6. axb4 Nc6 7. Bg2 e6 8. b5 Nd4 9. Nxd4 Qxd4 10. Nc3 Nd5 11. Bb2 Nxc3 12. Bxc3 Qc5 13. Rb1 e5 14. 0-0 Qc7 15. Qc2 Bd6 16. f4 0-0 17. fxe5 Bxe5 18. Bxe5 Qxe5 19. Qxc4 Be6 20. Qe4 Qxe4 21. Bxe4 Rad8 22. Rb2 Bd5 23. Bxd5 Rxd5 24. Ra1 Ra8 25. b6 a5 26. Rc1 g6 27. Rc7 Rb8 28. Kf2 a4 29. e4 a3 30. Ra2 Rd6 31. Ke3 Rxb6 32. Rxa3 Rd8 33. d4 Rb4 34. Rd3 b5 35. d5 f5 36. exf5 gxf5 37. d6 Re4+ 38. Kf3 b4 39. Rd5 b3 40. Rb5 Rd4 41. Rxb3 R4xd6 42. Rbb7 Rh6 43. h4 Rg6 44. h5 Rg5 45. h6 Rg6 46. Rg7+ Rxg7 47. Rxg7+ Kh8 48. Rf7 Kg8 49. Rxf5 Rd6 50. Rh5 Kf7 51. g4 Kg6 52. Rh1 Kg5 53. Re1 Kxh6 54. Kf4 Kg6 55. Re4 1/2-1/2

[Event "Krasnodar Region-ch op"]
[Site "Krasnodar"]
[Date "2008.10.??"]
[Round "5"]
[White "Savelenko, Arseny"]
[Black "Litvishko, M."]
[Result "0-1"]
[WhiteElo "2062"]
[BlackElo "2188"]
[PlyCount "32"]
[EventDate "2008.10.18"]
[EventType "swiss"]
[EventRounds "9"]
[EventCountry "RUS"]
[SourceTitle "EXT 2022"]
[Source "ChessBase"]
[SourceDate "2021.10.06"]
[SourceVersion "1"]
[SourceVersionDate "2021.10.06"]
[SourceQuality "1"]

1. e4 c5 2. Nf3 Nc6 3. d4 cxd4 4. Nxd4 Nf6 5. Nc3 d6 6. Bg5 Qa5 7. Bxf6 gxf6 8. Nb3 Qd8 9. g3 Bg7 10. Bg2 Rg8 11. Qd2 Be6 12. 0-0-0 a5 13. Nd4 Nxd4 14. Qxd4 a4 15. a3 b5 16. Rhe1 Rc8 0-1